000 00710nam a2200217 a 4500
003 MX-MxUPN
005 20240808063831.0
008 991125s1902 mx a r 000 0 spa d
035 _aUPN01000034432
040 _aMX-MxUPN
_bspa
_cMX-MxUPN
041 0 _aspa
050 1 4 _aSB323
_bT64
100 1 _aTorres Quintero, Gregorio,
_d1866-1934
_929436
245 1 0 _aLecturas intuitivas sobre vegetales útiles :
_bagricultura e industria
260 _aMéxico ;
_aParís :
_bVda. de Ch. Bouret,
_c1902.
300 _a166 páginas :
_bilustraciones
650 4 _aBotánica
_9764
650 4 _aHorticultura
_919084
710 2 _aMuseo Pedagógico Nacional (México)
_951335
_epropietario anterior
942 _2lcc
_cLIBRO
999 _c34432
_d34432